[Event "Teplice op 15th"]
[Site "Teplice"]
[Date "2022.06.22"]
[Round "5"]
[White "Iniyan, Panneerseluam"]
[Black "Ehrke, Michael"]
[Result "1-0"]
[WhiteElo "2518"]
[BlackElo "2223"]
[PlyCount "61"]
[EventDate "2022.06.18"]
[EventType "swiss"]
[EventRounds "9"]
[EventCountry "CZE"]
[SourceTitle "CBM 209 Extra"]
[Source "ChessBase"]
[SourceDate "2022.09.30"]
[SourceVersion "1"]
[SourceVersionDate "2022.09.30"]
[SourceQuality "1"]

1. d4 d5 2. c4 e6 3. Nc3 c5 4. cxd5 exd5 5. Nf3 Nc6 6. g3 Nf6 7. Bg2 Be7 8. 0-0 0-0 9. Bg5 c4 10. Ne5 Be6 11. f4 Ng4 12. Nxg4 Bxg4 13. Bxd5 Bxg5 14. fxg5 Qxg5 15. Rf4 Rad8 16. Qd2 h6 17. h4 Qg6 18. Kh2 Be6 19. Bg2 Bc8 20. Qe3 a6 21. Raf1 Qd6 22. Qf2 f5 23. Bd5+ Kh8 24. e4 Nb4 25. e5 Qb6 26. Bxc4 g5 27. d5 Qc7 28. hxg5 hxg5 29. Kg2 gxf4 30. Rh1+ Kg7 31. Qxf4 1-0

[Event "Oberliga Nord N 2122"]
[Site "Germany"]
[Date "2021.11.21"]
[Round "2.4"]
[White "Ehrke, Michael"]
[Black "Schwarz, Frank"]
[Result "0-1"]
[WhiteElo "2243"]
[BlackElo "2224"]
[PlyCount "70"]
[EventDate "2021.10.31"]
[EventType "team-tourn"]
[EventRounds "9"]
[EventCountry "GER"]
[SourceTitle "EXT 2023"]
[Source "ChessBase"]
[SourceDate "2022.10.05"]
[SourceVersion "1"]
[SourceVersionDate "2022.10.05"]
[SourceQuality "1"]
[WhiteTeam "Luebeck"]
[BlackTeam "Preetz"]
[WhiteTeamCountry "GER"]
[BlackTeamCountry "GER"]

1. d4 Nf6 2. Bf4 e6 3. e3 d5 4. c3 Bd6 5. Bg3 c5 6. Nd2 Qc7 7. Bd3 Nbd7 8. Bxd6 Qxd6 9. f4 cxd4 10. cxd4 b6 11. Ngf3 Bb7 12. Ne5 0-0 13. 0-0 Ne4 14. Ndf3 Nb8 15. Qe2 f6 16. Ng4 a6 17. Rfc1 Nc6 18. a3 Qd7 19. Bxe4 dxe4 20. Nd2 Rad8 21. Rc2 Rf7 22. Rac1 Qd5 23. Qc4 Qf5 24. Nf2 Nxd4 25. Rc3 b5 26. Qf1 Nf3+ 27. Nxf3 exf3 28. g3 e5 29. Rc7 exf4 30. Rxf7 Kxf7 31. exf4 Kg8 32. Qe1 Qd7 33. Rd1 Re8 34. Qc3 Qe6 35. Qd4 Be4 0-1

[Event "Bayern-chI Bank Hofmann 24th"]
[Site "Tegernsee"]
[Date "2021.11.06"]
[Round "8"]
[White "Braun, Michael1111"]
[Black "Ehrke, Michael"]
[Result "1/2-1/2"]
[WhiteElo "2092"]
[BlackElo "2243"]
[PlyCount "112"]
[EventDate "2021.10.30"]
[EventType "swiss"]
[EventRounds "9"]
[EventCountry "GER"]
[SourceTitle "CBM 205 Extra"]
[Source "ChessBase"]
[SourceDate "2022.01.31"]
[SourceVersion "1"]
[SourceVersionDate "2022.01.31"]
[SourceQuality "1"]

1. d4 d5 2. c4 Bf5 3. cxd5 Bxb1 4. Rxb1 Qxd5 5. a3 Nd7 6. Nf3 Ngf6 7. Bf4 c6 8. Qc2 Qe4 9. Qxe4 Nxe4 10. e3 e6 11. Bd3 Ndf6 12. 0-0 Rd8 13. Rfc1 Bd6 14. Bxd6 Nxd6 15. b4 a6 16. Ne5 Nd7 17. Nxd7 Rxd7 18. f3 Ke7 19. Kf2 f6 20. Rc5 h6 21. a4 Rhd8 22. Rb2 Nf7 23. b5 axb5 24. axb5 Rd5 25. bxc6 Rxc5 26. dxc5 bxc6 27. Be4 f5 28. Rb7+ Kf6 29. Bxc6 Rc8 30. Rb6 Ne5 31. Bd5 Nd3+ 32. Ke2 Nxc5 33. Rc6 Rxc6 34. Bxc6 e5 35. f4 g5 36. fxg5+ hxg5 37. g3 g4 38. Bg2 Kg5 39. h3 gxh3 40. Bxh3 Ne4 41. Kf3 Nf6 42. Kf2 e4 43. Kf1 Nd7 44. Kf2 Ne5 45. Kf1 Kf6 46. Ke2 Ke6 47. Kf2 Nd3+ 48. Kf1 Ke5 49. Ke2 Nc1+ 50. Kd2 Nb3+ 51. Ke2 Nc5 52. g4 f4 53. Bg2 Ne6 54. Bxe4 Kxe4 55. exf4 Kxf4 56. g5 Nxg5 1/2-1/2

[Event "Oberliga Nord N 1920"]
[Site "Germany"]
[Date "2019.12.08"]
[Round "4.7"]
[White "Ehrke, Michael"]
[Black "Grahl, Arvid"]
[Result "1-0"]
[WhiteElo "2244"]
[BlackElo "2196"]
[PlyCount "69"]
[EventDate "2019.09.29"]
[EventType "team-tourn"]
[EventRounds "9"]
[EventCountry "GER"]
[SourceTitle "CBM 195 Extra"]
[Source "ChessBase"]
[SourceDate "2020.05.31"]
[SourceVersion "1"]
[SourceVersionDate "2020.05.31"]
[SourceQuality "1"]

1. d4 Nf6 2. Nf3 g6 3. Bf4 Bg7 4. e3 c5 5. Be2 b6 6. 0-0 Bb7 7. c3 0-0 8. Nbd2 Nc6 9. h3 d6 10. a4 Qc7 11. Bh2 Rfe8 12. Nc4 Nd8 13. a5 b5 14. a6 Bd5 15. Ncd2 Rb8 16. dxc5 Qxc5 17. Nd4 Ne6 18. N2b3 Bxb3 19. Qxb3 Nxd4 20. exd4 Qb6 21. Bf3 Rec8 22. Rfe1 Rc7 23. Bb7 Rd8 24. Bf4 Rc4 25. Rxe7 Bf8 26. Ree1 d5 27. Qd1 b4 28. Qf3 bxc3 29. bxc3 Qb2 30. Bg5 Ne4 31. Bxd8 Rxc3 32. Qf4 Bd6 33. Qh4 Rc2 34. Bxd5 Bg3 35. Qxe4 1-0

[Event "Oberliga Nord N 1920"]
[Site "Germany"]
[Date "2019.11.24"]
[Round "3.7"]
[White "Michna, Christian"]
[Black "Ehrke, Michael"]
[Result "1-0"]
[WhiteElo "2227"]
[BlackElo "2229"]
[PlyCount "55"]
[EventDate "2019.09.29"]
[EventType "team-tourn"]
[EventRounds "9"]
[EventCountry "GER"]
[SourceTitle "CBM 195 Extra"]
[Source "ChessBase"]
[SourceDate "2020.05.31"]
[SourceVersion "1"]
[SourceVersionDate "2020.05.31"]
[SourceQuality "1"]

1. d4 d5 2. Nc3 Bf5 3. Bf4 e6 4. f3 Bd6 5. Bxd6 Qxd6 6. e4 Bg6 7. Qd2 c6 8. 0-0-0 Nd7 9. h4 h6 10. exd5 exd5 11. Re1+ Ne7 12. Qe3 Kd8 13. g4 f5 14. Nh3 Re8 15. Bd3 Kc7 16. Nf4 Bf7 17. Qd2 fxg4 18. fxg4 Ng6 19. Bxg6 Bxg6 20. Nfxd5+ Kd8 21. Nf4 Bf7 22. Ne4 Rxe4 23. Rxe4 Nf6 24. Re2 Bc4 25. Ree1 Kc7 26. g5 hxg5 27. hxg5 Nd7 28. d5 1-0

[Event "Bayern-chI Bank Hofmann 23rd"]
[Site "Tegernsee"]
[Date "2019.11.02"]
[Round "8"]
[White "Gschnitzer, Adrian"]
[Black "Ehrke, Michael"]
[Result "0-1"]
[WhiteElo "2412"]
[BlackElo "2222"]
[PlyCount "103"]
[EventDate "2019.10.26"]
[EventType "swiss"]
[EventRounds "9"]
[EventCountry "GER"]
[SourceTitle "CBM 192 Extra"]
[Source "Chessbase"]
[SourceDate "2019.11.06"]
[SourceVersion "1"]
[SourceVersionDate "2019.11.06"]
[SourceQuality "1"]

1. c4 e6 2. d4 d5 3. Nc3 c5 4. cxd5 exd5 5. Nf3 Nc6 6. dxc5 d4 7. Na4 Bxc5 8. Nxc5 Qa5+ 9. Qd2 Qxc5 10. a3 Bg4 11. b4 Qd5 12. Bb2 Rd8 13. Rd1 Bxf3 14. exf3 a6 15. Bd3 Nf6 16. 0-0 0-0 17. f4 Rfe8 18. Rfe1 h6 19. Qc2 Qd7 20. g3 Nd5 21. Bh7+ Kh8 22. Bf5 Rxe1+ 23. Rxe1 Qd6 24. Qc4 b5 25. Qe2 Nde7 26. Bd3 g6 27. h4 Qd5 28. Rc1 Rd6 29. Rc5 Qe6 30. Qf3 Rd5 31. Rc2 h5 32. Be4 Rd6 33. Re2 Qg4 34. Qd3 Qd7 35. Qb3 Kg7 36. Rc2 f6 37. Qd3 Nf5 38. Kh2 Nce7 39. Rc5 Qe6 40. Rc7 Rd7 41. Rc2 Qd6 42. Kh3 Qe6 43. Kh2 Qd6 44. Kg2 Qb6 45. Qb3 Qd6 46. a4 bxa4 47. Qxa4 Qe6 48. Re2 Qd6 49. Bd3 Qd5+ 50. Kh2 Rd6 51. Qe8 Qf7 52. Qc8 0-1

[Event "Oberliga Nord N 1920"]
[Site "Germany"]
[Date "2019.09.29"]
[Round "1.6"]
[White "Ehrke, Michael"]
[Black "Petri, Alexander"]
[Result "1-0"]
[WhiteElo "2222"]
[BlackElo "2122"]
[PlyCount "105"]
[EventDate "2019.09.29"]
[EventType "team-tourn"]
[EventRounds "9"]
[EventCountry "GER"]
[SourceTitle "CBM 195 Extra"]
[Source "ChessBase"]
[SourceDate "2020.05.31"]
[SourceVersion "1"]
[SourceVersionDate "2020.05.31"]
[SourceQuality "1"]

1. d4 d5 2. Bf4 c5 3. e3 Nc6 4. c3 Nf6 5. Nd2 cxd4 6. exd4 g6 7. h3 Bg7 8. Ngf3 0-0 9. Be2 a6 10. 0-0 Bf5 11. Re1 Ne4 12. Nf1 b5 13. Ne3 Na5 14. a4 Nc4 15. axb5 axb5 16. Rxa8 Qxa8 17. Qb3 Bd7 18. Qb4 e6 19. Ne5 Nxe5 20. Bxe5 f6 21. Bh2 Qc6 22. f3 Ng5 23. Ra1 Rc8 24. Qd6 Bf8 25. Qxc6 Bxc6 26. Ng4 Kg7 27. Ra7+ Nf7 28. Nh6 Kxh6 29. Rxf7 b4 30. Bd3 f5 31. h4 bxc3 32. bxc3 g5 33. hxg5+ Kxg5 34. Be5 h5 35. f4+ Kg6 36. Rf6+ Kh7 37. Rxe6 Be8 38. Bxf5+ Kg8 39. Ra6 Rxc3 40. Ra7 Rc1+ 41. Kh2 Bf7 42. Bh7+ Kxh7 43. Rxf7+ Kg8 44. Rd7 Bh6 45. g3 Rc2+ 46. Kh3 Rf2 47. Rxd5 Kh7 48. Rd7+ Kg6 49. Rd6+ Kh7 50. Re6 Rd2 51. f5 Be3 52. Re8 Kh6 53. Bf6 1-0

[Event "BL2-Nord 1819"]
[Site "Germany"]
[Date "2019.03.24"]
[Round "10.6"]
[White "Ehrke, Michael"]
[Black "Kahlert, Thomas"]
[Result "1-0"]
[WhiteElo "2213"]
[BlackElo "2183"]
[PlyCount "169"]
[EventDate "2018.11.10"]
[EventType "team-tourn"]
[EventRounds "10"]
[EventCountry "GER"]
[SourceTitle "CBM 190 Extra"]
[Source "ChessBase"]
[SourceDate "2019.07.15"]
[SourceVersion "1"]
[SourceVersionDate "2019.07.15"]
[SourceQuality "1"]
[WhiteTeam "Luebeck"]
[BlackTeam "Norderstedt"]
[WhiteTeamCountry "GER"]
[BlackTeamCountry "GER"]

1. d4 Nf6 2. Bf4 c5 3. e3 g6 4. Nf3 Bg7 5. h3 0-0 6. Be2 d6 7. 0-0 Nc6 8. Nbd2 cxd4 9. exd4 e5 10. dxe5 dxe5 11. Bxe5 Nxe5 12. Nxe5 Nd5 13. Ndf3 Nf4 14. Bc4 Qc7 15. Qd4 Ne6 16. Qe3 Qc5 17. Qxc5 Nxc5 18. Nxf7 Bxb2 19. Rab1 Bc3 20. Bd5 Rb8 21. Nd6+ Kg7 22. Nb5 Bf6 23. Nxa7 Bf5 24. Rb5 b6 25. Nc6 Bd7 26. Rfb1 Na4 27. Nxb8 Bxb5 28. Rxb5 Rxb8 29. Bb3 Nc3 30. Rb4 b5 31. Kf1 Rd8 32. g4 g5 33. Kg2 h6 34. Be6 Rd1 35. Bf5 Ne2 36. Rxb5 Nf4+ 37. Kh2 Rf1 38. Ne5 Rxf2+ 39. Kh1 Rf1+ 40. Kh2 Rf2+ 41. Kg1 Nxh3+ 42. Kh1 Bxe5 43. Rxe5 Nf4 44. a4 h5 45. gxh5 Nxh5 46. Kg1 Rf4 47. Bd7 Rd4 48. Be8 Kf6 49. Rc5 Nf4 50. Kf2 Ne6 51. Rc3 Ke7 52. Bb5 Rb4 53. Ra3 Kd6 54. c4 Nc7 55. Rc3 Kc5 56. Kg3 Rb1 57. Re3 Nxb5 58. cxb5 Rb4 59. Rc3+ Kb6 60. Rc6+ Kb7 61. Ra6 Rd4 62. a5 Rb4 63. Rb6+ Ka7 64. Kf3 Rf4+ 65. Kg2 Ra4 66. Ra6+ Kb7 67. Kg3 Rb4 68. Rb6+ Ka7 69. Kf3 Rf4+ 70. Ke3 Ra4 71. Ra6+ Kb7 72. Kd3 g4 73. Kc3 g3 74. Kb3 Rg4 75. Re6 g2 76. a6+ Kc7 77. b6+ Kd7 78. Re1 Rg6 79. b7 Rb6+ 80. Kc4 Kc7 81. Re7+ Kb8 82. Re8+ Kc7 83. Rc8+ Kd7 84. Rg8 Kc7 85. a7 1-0

[Event "BL2-Nord 1819"]
[Site "Germany"]
[Date "2019.02.23"]
[Round "7.5"]
[White "Ehrke, Michael"]
[Black "Neumeier, Lars"]
[Result "0-1"]
[WhiteElo "2226"]
[BlackElo "2304"]
[PlyCount "76"]
[EventDate "2018.11.10"]
[EventType "team-tourn"]
[EventRounds "10"]
[EventCountry "GER"]
[SourceTitle "CBM 190 Extra"]
[Source "ChessBase"]
[SourceDate "2019.07.15"]
[SourceVersion "1"]
[SourceVersionDate "2019.07.15"]
[SourceQuality "1"]
[WhiteTeam "Luebeck"]
[BlackTeam "Berlin Rotation"]
[WhiteTeamCountry "GER"]
[BlackTeamCountry "GER"]

1. d4 Nf6 2. Nf3 c5 3. e3 e6 4. Bd3 d5 5. c3 Bd6 6. Nbd2 Nc6 7. 0-0 0-0 8. dxc5 Bxc5 9. e4 e5 10. b4 Bb6 11. exd5 Nxd5 12. Ne4 Nf4 13. Bxf4 exf4 14. Bc2 Bg4 15. b5 Ne7 16. a4 Qc7 17. Qd3 Ng6 18. h3 Rad8 19. Nd4 Bc8 20. Ng5 Rd5 21. h4 Qd8 22. Bb3 Kh8 23. Bxd5 Qxd5 24. Qf3 Qc5 25. Ne4 Qe5 26. Rfe1 Nxh4 27. Qe2 h6 28. Nf3 Qh5 29. Ned2 Nxg2 30. Qe7 Rg8 31. Kxg2 Bh3+ 32. Kh2 Bxf2 33. Kh1 Bg4+ 34. Nh2 Bg3 35. Ndf1 Bxh2 36. Nxh2 Bf3+ 37. Kg1 Qg6+ 38. Kf2 Qg2# 0-1

[Event "BL2-Nord 1819"]
[Site "Germany"]
[Date "2018.12.15"]
[Round "3.7"]
[White "Ehrke, Michael"]
[Black "Szadkowski, Kamil"]
[Result "1-0"]
[WhiteElo "2221"]
[BlackElo "2294"]
[PlyCount "91"]
[EventDate "2018.11.10"]
[EventType "team-tourn"]
[EventRounds "10"]
[EventCountry "GER"]
[SourceTitle "CBM 190 Extra"]
[Source "ChessBase"]
[SourceDate "2019.07.15"]
[SourceVersion "1"]
[SourceVersionDate "2019.07.15"]
[SourceQuality "1"]
[WhiteTeam "Luebeck"]
[BlackTeam "Ruedersdorf Glueckauf"]
[WhiteTeamCountry "GER"]
[BlackTeamCountry "GER"]

1. d4 Nf6 2. Bf4 g6 3. e3 Bg7 4. h3 0-0 5. Nf3 d6 6. Be2 Nfd7 7. 0-0 e5 8. Bh2 Nc6 9. c4 e4 10. Nfd2 f5 11. Nc3 Nf6 12. Rc1 g5 13. a3 Ne7 14. d5 Ng6 15. c5 a6 16. cxd6 cxd6 17. Nc4 f4 18. Bh5 b5 19. Bxg6 hxg6 20. Nd2 f3 21. Ndxe4 Ne8 22. Nd2 fxg2 23. Kxg2 Ra7 24. Qe2 Bxc3 25. Rxc3 Rh7 26. e4 g4 27. Rg1 Qh4 28. Kf1 Rhf7 29. Bg3 Qxh3+ 30. Ke1 Rc7 31. Rxc7 Nxc7 32. Bxd6 Rf7 33. Rg3 Qh1+ 34. Qf1 Qh7 35. Rc3 Bb7 36. Bg3 Ne8 37. Qd3 Nf6 38. Qd4 Qh1+ 39. Ke2 Kh7 40. Rc7 Rxc7 41. Bxc7 Nd7 42. Qa7 Bxd5 43. exd5 Qxd5 44. Qe3 Nc5 45. Qe7+ Kg8 46. Qd8+ 1-0

[Event "BL2-Nord 1819"]
[Site "Germany"]
[Date "2018.11.11"]
[Round "2.7"]
[White "Ehrke, Michael"]
[Black "Mueller, Fabian"]
[Result "1/2-1/2"]
[WhiteElo "2212"]
[BlackElo "2343"]
[PlyCount "60"]
[EventDate "2018.11.10"]
[EventType "team-tourn"]
[EventRounds "10"]
[EventCountry "GER"]
[SourceTitle "CBM 190 Extra"]
[Source "ChessBase"]
[SourceDate "2019.07.15"]
[SourceVersion "1"]
[SourceVersionDate "2019.07.15"]
[SourceQuality "1"]
[WhiteTeam "Luebeck"]
[BlackTeam "St Pauli"]
[WhiteTeamCountry "GER"]
[BlackTeamCountry "GER"]

1. d4 g6 2. Nf3 Bg7 3. Bf4 d6 4. e3 Nd7 5. h3 e5 6. Bh2 Qe7 7. Be2 Ngf6 8. 0-0 0-0 9. c4 b6 10. Nc3 Bb7 11. b4 Ne4 12. Nxe4 Bxe4 13. c5 bxc5 14. bxc5 dxc5 15. dxe5 Nxe5 16. Nxe5 Bxe5 17. Bxe5 Qxe5 18. Qa4 Rab8 19. Rad1 Rb2 20. Bd3 Rb4 21. Qd7 Ba8 22. Rfe1 Rfb8 23. Bf1 Kg7 24. Rd2 Rb2 25. Rxb2 Rxb2 26. Bc4 Qf6 27. Rf1 Rb4 28. Rc1 Rb2 29. Rf1 Rb4 30. Rc1 Rb2 1/2-1/2

[Event "Bayern-chI Bank Hofmann 22nd"]
[Site "Tegernsee"]
[Date "2018.10.29"]
[Round "3"]
[White "Ehrke, Michael"]
[Black "Basener, Winfried"]
[Result "1/2-1/2"]
[WhiteElo "2212"]
[BlackElo "2064"]
[PlyCount "30"]
[EventDate "2018.10.27"]
[EventType "swiss"]
[EventRounds "9"]
[EventCountry "GER"]
[SourceTitle "CBM 187 Extra"]
[Source "ChessBase"]
[SourceDate "2018.11.04"]
[SourceVersion "1"]
[SourceVersionDate "2018.11.04"]
[SourceQuality "1"]

1. d4 Nf6 2. Nf3 e6 3. Bf4 b6 4. e3 Bb7 5. Nbd2 Be7 6. h3 Ne4 7. Bd3 f5 8. Qe2 Nxd2 9. Nxd2 Bf6 10. 0-0 0-0 11. c3 d6 12. Bh2 Bg5 13. Rad1 Nd7 14. f4 Bh6 15. e4 g6 1/2-1/2

[Event "Oberliga Nord N 1718"]
[Site "Germany"]
[Date "2018.02.25"]
[Round "7.7"]
[White "Pajeken, Jakob Leon"]
[Black "Ehrke, Michael"]
[Result "1-0"]
[WhiteElo "2152"]
[BlackElo "2192"]
[PlyCount "57"]
[EventDate "2017.10.08"]
[EventType "team-tourn"]
[EventRounds "9"]
[EventCountry "GER"]
[SourceTitle "EXT 2019"]
[Source "ChessBase"]
[SourceDate "2018.10.10"]
[SourceVersion "1"]
[SourceVersionDate "2018.10.10"]
[SourceQuality "1"]
[WhiteTeam "Hamburger SK III"]
[BlackTeam "Luebeck"]
[WhiteTeamCountry "GER"]
[BlackTeamCountry "GER"]

1. e4 e5 2. Nf3 Nc6 3. Bb5 f5 4. d3 fxe4 5. dxe4 Nf6 6. 0-0 Bc5 7. Bg5 d6 8. Nc3 0-0 9. Qd3 Be6 10. Bc4 Qd7 11. Bxe6+ Qxe6 12. Bxf6 gxf6 13. Nd5 Nb4 14. Nxb4 Bxb4 15. Nh4 Kh8 16. Nf5 Bc5 17. a3 a6 18. Rad1 b5 19. Kh1 Rad8 20. f4 c6 21. Qg3 Rg8 22. Qh4 d5 23. fxe5 fxe5 24. Nh6 Be7 25. Qh5 Rg6 26. Nf7+ Kg7 27. Nxd8 Bxd8 28. exd5 cxd5 29. Qf3 1-0

[Event "Bayern-chI Bank Hofmann 21st"]
[Site "Tegernsee"]
[Date "2017.11.01"]
[Round "5"]
[White "Jumabayev, Rinat"]
[Black "Ehrke, Michael"]
[Result "1-0"]
[WhiteElo "2603"]
[BlackElo "2176"]
[PlyCount "85"]
[EventDate "2017.10.28"]
[EventType "swiss"]
[EventRounds "9"]
[EventCountry "GER"]
[SourceTitle "CBM 181 Extra"]
[Source "ChessBase"]
[SourceDate "2017.12.12"]
[SourceVersion "1"]
[SourceVersionDate "2017.12.12"]
[SourceQuality "1"]

1. Nf3 d5 2. d4 Bf5 3. Bf4 e6 4. e3 Bd6 5. Bg3 Nf6 6. c4 Bxg3 7. hxg3 c6 8. Nc3 h6 9. Qb3 Qb6 10. Qa3 Nbd7 11. Be2 a5 12. Nd2 Qb4 13. Qb3 0-0 14. 0-0 c5 15. a3 Qxb3 16. Nxb3 dxc4 17. Bxc4 cxd4 18. Nxd4 Ne5 19. Bb3 Bd3 20. Rfd1 Ba6 21. Ncb5 Bxb5 22. Nxb5 Rfd8 23. Nd4 Rac8 24. Nxe6 fxe6 25. Bxe6+ Kf8 26. Bxc8 Rxc8 27. Rac1 Rxc1 28. Rxc1 Ned7 29. f3 Ke7 30. e4 Ne8 31. Kf2 Nd6 32. Ke3 a4 33. Kd4 b5 34. Rh1 Nc4 35. Rh5 Nd6 36. g4 Ke6 37. g5 hxg5 38. Rxg5 Kf7 39. Kd5 Nc4 40. Kc6 Ke6 41. Rxg7 Nde5+ 42. Kxb5 Nxb2 43. Kb4 1-0

[Event "Oberliga Nord N 1617"]
[Site "Germany"]
[Date "2017.04.23"]
[Round "8.7"]
[White "Ehrke, Michael"]
[Black "Parvanyan, Alfred"]
[Result "1-0"]
[WhiteElo "2169"]
[BlackElo "2053"]
[PlyCount "86"]
[EventDate "2016.10.16"]
[EventType "team-tourn"]
[EventRounds "9"]
[EventCountry "GER"]
[SourceTitle "EXT 2018"]
[Source "ChessBase"]
[SourceDate "2017.10.13"]
[SourceVersion "1"]
[SourceVersionDate "2017.10.13"]
[SourceQuality "1"]
[WhiteTeam "Luebeck"]
[BlackTeam "Neumuenster Agon"]
[WhiteTeamCountry "GER"]
[BlackTeamCountry "GER"]

1. d4 Nf6 2. Bf4 g6 3. e3 Bg7 4. h3 0-0 5. Nf3 c5 6. c3 b6 7. Nbd2 Bb7 8. Be2 d6 9. 0-0 Nbd7 10. Bh2 a6 11. a4 Ra7 12. Re1 Qa8 13. Bf1 Ne4 14. Nc4 Rb8 15. a5 Bc8 16. axb6 Nxb6 17. Na5 Nd5 18. Nd2 Nxd2 19. Qxd2 Nf6 20. f3 Rc7 21. e4 cxd4 22. cxd4 Nd7 23. Rac1 Qa7 24. Nc6 Rxc6 25. Rxc6 Qxd4+ 26. Qxd4 Bxd4+ 27. Kh1 Nc5 28. b4 Ne6 29. Rb1 Bb7 30. Rc2 Kf8 31. Bg1 Be5 32. Ra2 Nc7 33. Ba7 Rc8 34. Rc1 Nb5 35. Rxc8+ Bxc8 36. Be3 Ke8 37. Ra5 Nc7 38. Ra2 Kd7 39. Bb6 Nb5 40. Rc2 Nc3 41. Be3 f5 42. exf5 gxf5 43. Bd3 e6 1-0

[Event "Oberliga Nord N 1617"]
[Site "Germany"]
[Date "2016.10.16"]
[Round "1.7"]
[White "Ehrke, Michael"]
[Black "Celmer, Ole"]
[Result "1-0"]
[WhiteElo "2202"]
[BlackElo "1917"]
[PlyCount "111"]
[EventDate "2016.10.16"]
[EventType "team-tourn"]
[EventRounds "9"]
[EventCountry "GER"]
[SourceTitle "EXT 2018"]
[Source "ChessBase"]
[SourceDate "2017.10.13"]
[SourceVersion "1"]
[SourceVersionDate "2017.10.13"]
[SourceQuality "1"]
[WhiteTeam "Luebeck"]
[BlackTeam "Rostock"]
[WhiteTeamCountry "GER"]
[BlackTeamCountry "GER"]

1. d4 Nf6 2. Nf3 e6 3. Bf4 b6 4. e3 Bb7 5. Nbd2 Be7 6. h3 Ne4 7. Bd3 f5 8. Qe2 0-0 9. 0-0-0 c5 10. g4 d5 11. c3 c4 12. Bc2 b5 13. gxf5 exf5 14. Rdg1 Nd7 15. Nxe4 dxe4 16. Ng5 Qb6 17. Nxh7 Rf7 18. Ng5 Bxg5 19. Rxg5 Rc8 20. Rhg1 b4 21. Rg6 Rc6 22. Rxc6 Qxc6 23. cxb4 Nb6 24. Qh5 Nd5 25. Be5 c3 26. Qg6 cxb2+ 27. Kb1 Nxb4 28. Bb3 Qxg6 29. Rxg6 Bd5 30. a3 Bxb3 31. axb4 Kh7 32. Rg5 Be6 33. Kxb2 g6 34. h4 a5 35. bxa5 Ra7 36. Kc3 Rxa5 37. Kb4 Ra2 38. Kc5 Ra5+ 39. Kd6 Ra6+ 40. Ke7 Bc4 41. Bf4 Ra7+ 42. Kd6 Ra6+ 43. Kc5 Bf7 44. Rg1 Ra5+ 45. Kd6 Ra6+ 46. Ke7 Ra7+ 47. Kf6 Bg8 48. Rc1 Ra6+ 49. Kg5 Kg7 50. Rc7+ Kf8 51. Rc5 Ke7 52. d5 Bf7 53. Rc7+ Ke8 54. d6 Rb6 55. Re7+ Kf8 56. Kf6 1-0

[Event "Oberliga Nord N 1516"]
[Site "Germany"]
[Date "2016.02.21"]
[Round "7.6"]
[White "Ehrke, Michael"]
[Black "Fischer, Martin"]
[Result "1/2-1/2"]
[WhiteElo "2218"]
[BlackElo "2125"]
[PlyCount "40"]
[EventDate "2015.09.20"]
[EventType "team-tourn"]
[EventRounds "9"]
[EventCountry "GER"]
[SourceTitle "EXT 2017"]
[Source "ChessBase"]
[SourceDate "2016.10.25"]
[SourceVersion "1"]
[SourceVersionDate "2016.10.25"]
[SourceQuality "1"]
[WhiteTeam "Luebeck"]
[BlackTeam "Eppendorf Johanneum"]
[WhiteTeamCountry "GER"]
[BlackTeamCountry "GER"]

1. d4 c5 2. e3 d5 3. c3 e6 4. Nf3 Nf6 5. Bd3 Nc6 6. Nbd2 cxd4 7. exd4 Bd6 8. 0-0 0-0 9. Re1 Re8 10. Ne5 h6 11. f4 Nd7 12. Qh5 Re7 13. Ndf3 f5 14. Be3 Nf6 15. Qh4 Qe8 16. c4 Ne4 17. Nxc6 bxc6 18. c5 Bc7 19. b4 Bd8 20. Reb1 a5 1/2-1/2

[Event "BL2-Nord 1314"]
[Site "Germany"]
[Date "2014.04.06"]
[Round "9.7"]
[White "Jochens, Arne"]
[Black "Ehrke, Michael"]
[Result "1-0"]
[WhiteElo "2272"]
[BlackElo "2205"]
[PlyCount "69"]
[EventDate "2013.10.13"]
[EventType "team-tourn"]
[EventRounds "9"]
[EventCountry "GER"]
[SourceTitle "EXT 2015"]
[Source "ChessBase"]
[SourceDate "2014.11.20"]
[SourceVersion "1"]
[SourceVersionDate "2014.11.20"]
[SourceQuality "1"]
[WhiteTeam "Norderstedt"]
[BlackTeam "Luebeck"]
[WhiteTeamCountry "GER"]
[BlackTeamCountry "GER"]

1. c4 e5 2. g3 Nc6 3. Nc3 f5 4. Nf3 Nf6 5. d4 e4 6. Nh4 d6 7. Bg5 Be7 8. e3 Ng4 9. Bxe7 Nxe7 10. Be2 Nf6 11. Ng2 Be6 12. h4 Qd7 13. Nf4 Ng6 14. Nh3 a6 15. h5 Ne7 16. h6 Ng6 17. d5 Bf7 18. Qd4 Ne5 19. hxg7 Rg8 20. Nf4 Rxg7 21. 0-0-0 b6 22. Rh6 Qe7 23. g4 fxg4 24. Nxe4 Nxe4 25. Qxe4 Ng6 26. Ne6 Bxe6 27. dxe6 Rb8 28. Bxg4 Qg5 29. Rh5 Qf6 30. Rf5 Qe7 31. Bh5 Kd8 32. Bxg6 hxg6 33. Rh1 gxf5 34. Rh8+ Qe8 35. Qh4+ 1-0

[Event "BL2-Nord 1314"]
[Site "Germany"]
[Date "2014.01.19"]
[Round "5.6"]
[White "Buchal, Stephan"]
[Black "Ehrke, Michael"]
[Result "0-1"]
[WhiteElo "2312"]
[BlackElo "2205"]
[PlyCount "120"]
[EventDate "2013.10.13"]
[EventType "team-tourn"]
[EventRounds "9"]
[EventCountry "GER"]
[SourceTitle "EXT 2015"]
[Source "ChessBase"]
[SourceDate "2014.11.20"]
[SourceVersion "1"]
[SourceVersionDate "2014.11.20"]
[SourceQuality "1"]
[WhiteTeam "Werder Bremen II"]
[BlackTeam "Luebeck"]
[WhiteTeamCountry "GER"]
[BlackTeamCountry "GER"]

1. Nf3 d5 2. c4 c6 3. g3 Nf6 4. Bg2 Bg4 5. 0-0 e6 6. b3 Nbd7 7. Bb2 Be7 8. d3 0-0 9. Nbd2 a5 10. a3 b5 11. h3 Bxf3 12. Nxf3 Qb6 13. Qc2 a4 14. b4 bxc4 15. dxc4 c5 16. b5 Qc7 17. Rfd1 d4 18. Re1 Nb6 19. e3 e5 20. exd4 exd4 21. Ne5 Rae8 22. Bc6 Rd8 23. Bf3 Bd6 24. Nc6 Rde8 25. Kg2 Qc8 26. Rad1 Nfd7 27. Bc1 Rxe1 28. Rxe1 Re8 29. Bd2 Rxe1 30. Bxe1 Qe8 31. Ba5 Qe6 32. Be2 g6 33. Bd3 f5 34. h4 Kg7 35. Qc1 f4 36. Qc2 fxg3 37. fxg3 Qe3 38. Qe2 Qxg3+ 39. Kf1 Qxh4 40. Qf3 Qf6 41. Ke2 Qxf3+ 42. Kxf3 Kf6 43. Bf1 h5 44. Ke4 g5 45. Be1 Bf4 46. Bf2 Bc7 47. Nxd4 cxd4 48. Bxd4+ Be5 49. c5 Bxd4 50. Kxd4 Ke6 51. cxb6 Kd6 52. b7 Kc7 53. Ke4 Nb6 54. Kf5 g4 55. Kg5 Nd5 56. b6+ Kb8 57. Kxh5 Ne3 58. Be2 g3 59. Bf3 g2 60. Bxg2 Nxg2 0-1

[Event "Bayern-chI Bank Hofmann 17th"]
[Site "Bad Wiessee"]
[Date "2013.11.02"]
[Round "9"]
[White "Ehrke, Michael"]
[Black "Marentini, Marcel"]
[Result "1/2-1/2"]
[WhiteElo "2205"]
[BlackElo "2085"]
[PlyCount "42"]
[EventDate "2013.10.26"]
[EventType "swiss"]
[EventRounds "9"]
[EventCountry "GER"]
[SourceTitle "EXT 2014"]
[Source "ChessBase"]
[SourceDate "2013.11.20"]
[SourceVersion "1"]
[SourceVersionDate "2013.11.20"]
[SourceQuality "1"]

1. d4 Nf6 2. Nf3 e6 3. c3 c5 4. e3 b6 5. Nbd2 Bb7 6. Bd3 cxd4 7. exd4 Be7 8. 0-0 0-0 9. Re1 d6 10. Nf1 Nbd7 11. Ng3 Re8 12. a4 a6 13. Ng5 h6 14. N5e4 Nxe4 15. Nxe4 Nf6 16. Nxf6+ Bxf6 17. Qh5 e5 18. Be3 e4 19. Bc2 Qd7 20. Bd1 Qe6 21. Be2 Be7 1/2-1/2